| 000 | 01209nam0a22002531 4500 | ||
|---|---|---|---|
| 001 | rc\3936106 | ||
| 005 | 20250610130343.0 | ||
| 035 | _a(NLR Aleph) 007917651 | ||
| 090 |
_a8137542 _c8137542 |
||
| 100 | _a20130415d1956 |||y0rusy50 ca | ||
| 101 | 0 | _arus | |
| 102 | _aRU | ||
| 105 | _aa z ||||| | ||
| 200 | 1 |
_aПеревозка шпал на тележке Диплори с помощью установки специальных рам _e[Предложение кузнеца мастерских 8 Хутор-Михайловской дистанции пути М.-Киевской ж. д. т. Золотарева] |
|
| 210 |
_aКалуга _cБ. и. _d1956 |
||
| 215 |
_a2 с., 1 л. черт. _d20 |
||
| 225 | 1 |
_aМПС СССР. Дорожное научно-техническое общество и Технический отдел Московско-Киевской железной дороги. Информационное письмо _fСекция пути _v№ 12 |
|
| 300 | _aВ конце текста сост.: инж. Гутян | ||
| 700 | 1 |
_aГутян _4220 |
|
| 801 | 0 |
_aRU _bNLR _gpsbo |
|
| 801 | 1 |
_aRU _bELAR _2rusmarc |
|
| 852 |
_aNLR _jП10/1469 |
||
| 942 | _cBOOK | ||
| 980 | _aNB | ||